| 000 | 00356nam a2200109Ia 4500 | ||
|---|---|---|---|
| 008 | 171211s9999 xx 000 0 und d | ||
| 245 | _aDownhill Slide: Why the Corporate Ski Industry Is Bad for Skiing, Ski Towns, and the Environment | ||
| 245 | _cHal Clifford | ||
| 260 | _c2002 | ||
| 650 | _xTRAVEL | ||
| 856 | _uhttp://down.ebook777.com/060/1578050715.pdf | ||
| 999 |
_c349208 _d349208 |
||